000
00320nam a22001337a 4500
008
180314b xxu||||| |||| 00| 0 eng d
020
_a
9780070479098
041
_a
eng
080
_a
338
100
_a
54
101
_a
MEN
245
_a
Handbook of material& capacity requirements planning
_c
Oden,H.W
942
_2
udc
_c
BK
999
_c
44992
_d
44992